000 00979nam a2200277 a 4500
005 20180803164928.0
008 140120b1997 ck ||||| |||| 00| 0 spa d
041 _aspa
044 _ack
090 _aIAvH
_b00071
100 1 _aCalderón-Sáez, Eduardo
_91494
245 1 0 _aBase de datos sobre plantas colombianas extintas o en peligro de extinción
260 _aVilla de Leyva (Boyacá) :
_bInstituto Alexander von Humboldt,
_c1997.
300 _a4 vol.
_aVol 1. ( p.), Vol 2. ( p.), Vol 3. (553 p.), Vol 4. (500 p.),
_c35 cm.
505 _aVol. 1: Acanthaceae, Metteniasaceae
505 _aVol. 2: Moraceae, Zygophyllaceae
505 _aVol. 3: Acanthaceae, Lauraceae
505 _aVol. 4: Leythidaceae, Zygophyllaceae
650 6 _aPlantas
_928093
650 6 _aEspecies en peligro
_928094
650 4 _aExtinción
_91360
650 4 _aCategorías UICN
_94282
650 4 _aListas rojas UICN
_91359
650 _aInventarios
_992201
942 _cINFORME
_2z
_01
999 _c1705
_d1705